| 000 | 00418nam a22001337a 4500 | ||
|---|---|---|---|
| 082 | _a345.5491 SHA | ||
| 100 | _aShaukat, Nadeem | ||
| 245 |
_aThe Code of Criminal Procedure, 1898: _b(Bare Act) As Amended up to 2021 / _cNadeem Shaukat |
||
| 260 |
_aLahore : _bLegal Research Centre, _c2021. |
||
| 300 |
_a415 p. ; _c24 cm. |
||
| 942 |
_2ddc _cBK |
||
| 999 |
_c586964 _d586964 |
||